Statistics for Reverse!

Click here to take the quiz!

General Stats

  • This quiz has been taken 69 times
    (42 since last reset)
  • The average score is 4 of 11

Answer Stats

HintAnswer% Correct
Numbers 1-1010987654321
92%
The AlphabetZYXWVUTSRQPONMLKJIHGFEDCBA
78%
Reverse!!esreveR
72%
DONE!!ENOD
67%
The Maker of this Quiz4976rezziuQ
47%
Date Made (words)5102 ,7 enuJ
25%
First 10 digits of Pi356295141.3
19%
Date Made (numbers)5102/70/60
8%
Newton's 1st Law.ecrof decnalabnu na yb nopu detca sselnu noitcerid emas eht ni dna deeps emas eht htiw noitom ni seunitnoc noitom ni tcejbo nA .ecrof decnalabnu na yb no detca sselnu tser ta niamer lliw tser ta tcejbo nA
8%
Newto's 3rd Law.noitca-er etisoppo dna lauqe na si ereht noitca yreve roF
8%
Newton's 2nd Law.(tcejbo eht etarelecca ot) dedeen ecrof fo tnuoma eht retaerg eht (detarelecca gnieb tcejbo eht fo) ssam eht retaerg ehT .ssam a no stca ecrof a nehw decudorp si noitareleccA
8%

Score Distribution

Percentile by Number Answered

Percent of People with Each Score

Your Score History

You have not taken this quiz since the last reset